[Event "Vancouver op"]
[Site "Chess.com INT"]
[Date "2020.07.25"]
[Round "?"]
[White "Yang, Jingran"]
[Black "Moore, Michael"]
[Result "1-0"]
[WhiteElo "1198"]
[BlackElo "1950"]
[PlyCount "65"]
[EventDate "2020.07.25"]
[EventType "swiss"]
[EventRounds "5"]
[EventCountry "USA"]
[SourceTitle "EXT 2023"]
[Source "ChessBase"]
[SourceDate "2022.10.05"]
[SourceVersion "1"]
[SourceVersionDate "2022.10.05"]
[SourceQuality "1"]

1. e4 c5 2. Nf3 d6 3. Bb5+ Nd7 4. d4 cxd4 5. Qxd4 a6 6. Bxd7+ Bxd7 7. 0-0 e5 8. Qd3 Be7 9. c4 b5 10. Nc3 bxc4 11. Qxc4 Nf6 12. Bg5 0-0 13. Rfd1 Qb8 14. b3 Rc8 15. Qd3 Qb4 16. Rac1 Rxc3 17. Qxc3 Qxc3 18. Rxc3 Nxe4 19. Rc7 Nxg5 20. Rxd7 Nxf3+ 21. gxf3 Kf8 22. Rc1 Rd8 23. Rxd8+ Bxd8 24. Rc6 Ke7 25. Rxa6 d5 26. Kf1 d4 27. Ke2 f5 28. Kd3 h5 29. f4 exf4 30. Kxd4 Kf7 31. Ke5 g6 32. Kxf4 Bc7+ 33. Kg5 1-0